Studies on carbon black filled blends of acrylonitrile butadiene rubber and epoxidised natural rubber (Record no. 53143)

MARC details
000 -LEADER
fixed length control field 00705nam a2200193Ia 4500
100 ## - MAIN ENTRY--AUTHOR NAME
Personal name George K M
245 #0 - TITLE STATEMENT
Title Studies on carbon black filled blends of acrylonitrile butadiene rubber and epoxidised natural rubber
260 ## - PUBLICATION, DISTRIBUTION, ETC. (IMPRINT)
Name of publisher Proceedings of the India International Rubber Conference and Expo 2007. Recent Advances in Rubber Science and Allied Material Technology, 1-3 November 2007, Udaipur.
650 ## - SUBJECT ADDED ENTRY--TOPICAL TERM
Topical Term Carbon black
650 ## - SUBJECT ADDED ENTRY--TOPICAL TERM
Topical Term Coupling agent
650 ## - SUBJECT ADDED ENTRY--TOPICAL TERM
Topical Term Epoxidised natural rubber
650 ## - SUBJECT ADDED ENTRY--TOPICAL TERM
Topical Term Nitrile rubber
650 ## - SUBJECT ADDED ENTRY--TOPICAL TERM
Topical Term Reinforcement modifier
700 ## - ADDED ENTRY--PERSONAL NAME
Personal name Joseph S
700 ## - ADDED ENTRY--PERSONAL NAME
Personal name Thomas K T
700 ## - ADDED ENTRY--PERSONAL NAME
Personal name Varkey J K
942 ## - ADDED ENTRY ELEMENTS (KOHA)
Koha item type Bibliography STAF
Holdings
Withdrawn status Lost status Damaged status Not for loan Home library Current library Date acquired Koha item type
      Bibliography RRII Library RRII Library 09/04/2014 Bibliography STAF